000 01231nam0a22002651 4500
001 rc\58285
005 20250620163619.0
035 _a(NLR Aleph) 005334828
090 _a6630200
_c6630200
100 _a20021216d1995 |||y0rusy50 ca
101 0 _arus
102 _aRU
105 _aa |||||||||
200 1 _aParadox 4,0 и его применение в САПР металлорежущего инструмента
_eУчеб. пособие по курсу "САПР металлорежущего инструмента"
_fБерлинер Э.М., Таратынов О.В., Груздов В.В.
_gПод ред. проф. Леника К.
_gКом. по делам науки и высш. шк. Рос. Федерации. Моск. автомобилестроит. ин-т (ВТУЗ-ЗИЛ)
210 _aМ.
_cМАСИ (ВТУЗ-ЗИЛ)
_d1995
215 _a116 с.
_cсхем.
_d20
320 _aБиблиогр.: с. 114
700 1 _aБерлинер
_bЭ.М.
_gЭдуард Максович
701 1 _aТаратынов
_bО.В.
_gОлег Васильевич
701 1 _aГруздов
_bВ.В.
801 0 _aRU
_bNLR
_gpsbo
801 1 _aRU
_bELAR
_2rusmarc
852 _aNLR
_j96-3/8769
942 _cBOOK
980 _aNB